ბათუმის შოთა რუსთაველის სახელმწიფო უნივერსიტეტის ბიბლიოთეკა

მთავარი გმირი. (ბიბ.ჩანაწერი № 41931)

000 -LEADER
fixed length control field 00762nam a2200229Ia 4500
001 - CONTROL NUMBER
control field 8615
003 - CONTROL NUMBER IDENTIFIER
control field GE_BSU
008 - FIXED-LENGTH DATA ELEMENTS--GENERAL INFORMATION
fixed length control field 181216s||||||||xx |||||||||||||| ||und||
040 ## - CATALOGING SOURCE
Transcribing agency GE_BSU
080 ## - UNIVERSAL DECIMAL CLASSIFICATION NUMBER
Universal Decimal Classification number 821.353.1--4+321(47+57)
100 ## - MAIN ENTRY--PERSONAL NAME
Personal name თორდუა, ვლადიმერ.
245 ## - TITLE STATEMENT
Title მთავარი გმირი.
245 ## - TITLE STATEMENT
Remainder of title ნარკვევები
245 ## - TITLE STATEMENT
Statement of responsibility, etc. რედ:დ.შენგელია;მხატვ:.ი.ვასილკოვსკი
260 ## - PUBLICATION, DISTRIBUTION, ETC.
Place of publication, distribution, etc. თბილისი.
260 ## - PUBLICATION, DISTRIBUTION, ETC.
Name of publisher, distributor, etc. საქ.კპ ცკ-ს გამ-ბა.
260 ## - PUBLICATION, DISTRIBUTION, ETC.
Date of publication, distribution, etc. 1971.
300 ## - PHYSICAL DESCRIPTION
Extent 179გვ;19სმ.
653 ## - INDEX TERM--UNCONTROLLED
Uncontrolled term მთავარი გმირი.
653 ## - INDEX TERM--UNCONTROLLED
Uncontrolled term ნარკვევები.
942 ## - ADDED ENTRY ELEMENTS (KOHA)
Koha item type წიგნი
ეგზემპლარები
Withdrawn status Lost status Damaged status Not for loan Date acquired Barcode Date last seen Price effective from Koha item type
        2018-12-17 31034 2018-12-17 2018-12-17 წიგნი